<?xml version="1.0" encoding="UTF-8"?>
<record
    xmlns:xsi="http://www.w3.org/2001/XMLSchema-instance"
    xsi:schemaLocation="http://www.loc.gov/MARC21/slim http://www.loc.gov/standards/marcxml/schema/MARC21slim.xsd"
    xmlns="http://www.loc.gov/MARC21/slim">

  <leader>01918nam a22001817a 4500</leader>
  <controlfield tag="003">OSt</controlfield>
  <controlfield tag="005">20260407074143.0</controlfield>
  <controlfield tag="008">260407b        |||||||| |||| 00| 0 eng d</controlfield>
  <datafield tag="040" ind1=" " ind2=" ">
    <subfield code="a">LC</subfield>
    <subfield code="b">ENG</subfield>
    <subfield code="c">LC</subfield>
    <subfield code="d">ABK</subfield>
    <subfield code="e">RDA</subfield>
  </datafield>
  <datafield tag="082" ind1=" " ind2=" ">
    <subfield code="2">23rd ed.</subfield>
    <subfield code="a">348.0496761</subfield>
    <subfield code="b">UGA</subfield>
  </datafield>
  <datafield tag="245" ind1=" " ind2=" ">
    <subfield code="a">The Uganda law reports [2016] 2 U. L. R / </subfield>
    <subfield code="c">Edited by Rose Kawesa Nalule</subfield>
  </datafield>
  <datafield tag="260" ind1=" " ind2=" ">
    <subfield code="a">Kampala :</subfield>
    <subfield code="b">Law development centre ;</subfield>
    <subfield code="c">c2016.</subfield>
  </datafield>
  <datafield tag="300" ind1=" " ind2=" ">
    <subfield code="a">xx, 356 pages ;</subfield>
    <subfield code="c">24 cm.</subfield>
  </datafield>
  <datafield tag="505" ind1=" " ind2=" ">
    <subfield code="a">TABLE OF CONTENTS 
INDEX OF CASES REPORTED.... 
SUBJECT MATTER INDEX... 
INDEX OF LEGISLATION CONSIDERED 
INDEX OF CASES CITED....... 
DIGESTS &amp; JUDGMENTS. 
INDEX OF CASES REPORTED 
AMAMA MBABAZI VS YOWERI KAGUTA MUSEVENI AND 
2 OTHERS (SC)...... 
ANIFA KAWOOYA BAGIRANA VS JOY KAFURA KABATSI (HC)... 
BIGIRWA MOSES AND HAKIM KIZZA VS YOWERI K 
MUSEVENI (HC)......... 
IN THE A MATTER OF AN APPLICATION FOR LEAVE TO INTERVENE AS AMICUS CURIAE BY PROFESSOR OLOKA-ONYANGO AND 8 OTHERS (SC).. 
IN THE MATTER OF AN APPLICATION FOR LEAVE TO 
INTERVENE AS AMICUS CURIAE BY FOUNDATION FOR HUMAN RIGHTS INITIATIVE AND 7 OTHERS (SC)............ 
IN THE MATTER OF AN APPLICATION FOR GUARDIANSHIP 
OF ITHUNGU ROLIVIN AND MBAMBU ROSELINE (CHILDREN) BY THE APPELLANTS-GRAEME CHRISTOPHER SANDELL AND BETHANY NOEL 
NELSON (CC)....... 
JOSEPH KIBUUKA AND OTHERS VS BANK OF UGANDA (HC).... 
KIZZA BESIGYE VS ATTORNEY GENERAL (CC)... 
MAGOMU HUSSEIN KAHANDI VS ELECTORAL COMMISSION 
AND MUMEYA SULAI (HC).. 
MUHUMUZA MUGIMBA MOSES VS LAW DEVELOPMENT 
CENTRE (HC)........... 
OZUU BROTHERS ENTERPRISES VS AYIKORU MILKA (HC)...... 
SATYA PETER CHAPA VS ATTORNEY GENERAL (CC)............ 
STANLEY KAKOOZA VS ATTORNEY GENERAL AND 
ANOTHER (HC).......... 
TULSA INVESTMENTS LIMITED AND KASANGAKI GEORGEOUS VS ATTORNEY GENERAL AND KCB BANK (U) LIMITED (CC).......</subfield>
  </datafield>
  <datafield tag="650" ind1=" " ind2=" ">
    <subfield code="a">Uganda law reports</subfield>
    <subfield code="9">67647</subfield>
  </datafield>
  <datafield tag="700" ind1=" " ind2=" ">
    <subfield code="a">Nalule, Rose Kawesa</subfield>
    <subfield code="9">67666</subfield>
  </datafield>
  <datafield tag="942" ind1=" " ind2=" ">
    <subfield code="2">ddc</subfield>
    <subfield code="c">BOOK</subfield>
  </datafield>
  <datafield tag="999" ind1=" " ind2=" ">
    <subfield code="c">40172</subfield>
    <subfield code="d">40171</subfield>
  </datafield>
  <datafield tag="952" ind1=" " ind2=" ">
    <subfield code="0">0</subfield>
    <subfield code="1">0</subfield>
    <subfield code="2">ddc</subfield>
    <subfield code="4">0</subfield>
    <subfield code="7">0</subfield>
    <subfield code="a">LLB</subfield>
    <subfield code="b">LLB</subfield>
    <subfield code="d">2026-04-07</subfield>
    <subfield code="l">0</subfield>
    <subfield code="o">348.0496761 UGA</subfield>
    <subfield code="p">14950</subfield>
    <subfield code="r">2026-04-07 06:57:00</subfield>
    <subfield code="w">2026-04-07</subfield>
    <subfield code="y">BOOK</subfield>
  </datafield>
</record>
